00309 2200109 4500001002100000005001500021035002000036245007000056100002800126260003200154990001300186INLIS00000000000238520250528115318 a0010-05250006771 aPedoman Pendayagunaan Lab. Biologi SMU /cDirjen Diknasmen Diknas0 aDirjen Diknasmen Diknas aJakarta :bDepdiknas,c2004 a05201353